| 000 | 00364nam a2200133 a 4500 | ||
|---|---|---|---|
| 001 | 4716 | ||
| 003 | CDMR | ||
| 005 | 20130116135259.0 | ||
| 008 | 130130s1986||||||||||||||||||||||||||||d | ||
| 040 |
_aCDMR _bcat _cCPC GIRONA |
||
| 245 | 0 | _aGuia de la prensa extranjera en EspaƱa 1986-87 | |
| 260 |
_c1986 _bAsociación de Corresponsales de Prensa Extranjera |
||
| 942 | _cMON | ||
| 999 |
_c4716 _d4716 |
||